00571cam a22001937a 4500003000500000005001700005008004100022010001000063011001000073035001000083040000900093082001900102100002100121245009800142260004700240300001100287500005900298650002000357CHAP20220329142802.0030925d1964 mx r 00110 spa d a87739 a88711 a99256 cCHAP04a658.312404bP700aProctor, John H.10aCapacitación :bmanual para directores de lineac/por John H. Proctor y William M. Thornton aMéxico, D.F. :bHerrero Hermanos,c1964. a206 p. aTrad. de : Training a handbook for line managers, 196114aCapacitación.